Debates in Contemporary Political Philosophy : An Anthology /
Збережено в:
| Автор: | |
|---|---|
| Інші автори: | |
| Формат: | Книга |
| Мова: | Англійська |
| Опубліковано: |
Londres, Inglaterra :
Routledge : Open University,
2003, c2003
Boulder, EUA : NetLibrary [distribución], 2005 |
| Предмети: | |
| Онлайн доступ: | Ver documento en línea |
| Теги: |
Немає тегів, Будьте першим, хто поставить тег для цього запису!
|
MARC
| LEADER | 00000nam^a2200000^a^4500 | ||
|---|---|---|---|
| 001 | 000194622 | ||
| 005 | 20251023000000.0 | ||
| 009 | 20260310102722.205 | ||
| 020 | |a 0-203-98682-2 | ||
| 037 | |a Acervo ITESO - Biblioteca | ||
| 041 | |a ING | ||
| 082 | |a 320. 01 |b MAT | ||
| 100 | |a Matravers, Derek |e (ed.) | ||
| 245 | 1 | 0 | |a Debates in Contemporary Political Philosophy : |b An Anthology / |c Ed. de D. Matravers, J.E. Pike. |
| 264 | 4 | |a Londres, Inglaterra : |b Routledge : |b Open University, |c 2003, c2003 | |
| 264 | 4 | |a Boulder, EUA : |b NetLibrary [distribución], |c 2005 | |
| 300 | |a 1 libro electrónico en línea (X, 454 p.) | ||
| 336 | |a datos para computadora |b cod |2 rdacontenido | ||
| 337 | |a computadora |b c |2 rdamedio | ||
| 338 | |a recurso en línea |b cr |2 rdasoporte | ||
| 506 | 1 | |a 1 licencia | |
| 649 | |a XX | ||
| 650 | |a Justicia e Injusticia | ||
| 650 | |a Nacionalismo | ||
| 650 | |a Democracia | ||
| 650 | |a Liberalismo | ||
| 650 | |a Filosofía Política - |x Tema Principal | ||
| 650 | |a Política - |x Teoría | ||
| 700 | |a Pike, Jonathan E. |e (edición) | ||
| 856 | 4 | 0 | |u https://ezproxy.iteso.mx/login?url=https://search.ebscohost.com/login.aspx?direct=true&scope=site&db=nlebk&db=nlabk&AN=134477 |y Ver documento en línea |
| 910 | |a Fondo General | ||
| 920 | |a Electrónicos - Libros en Línea | ||
| 930 | |a Plataforma Digital | ||
| 905 | |a 205 | ||
| 901 | |a 194622 |b IT2 |c EBO |i C136 |u 20250521 | ||
| 902 | |a https://opac.biblio.iteso.mx/vufind/Record/000194622 | ||